Statistics for Common Network Ports (Sec+)

Click here to take the quiz!

General Stats

  • This quiz has been taken 7 times
  • The average score is 14 of 29

Answer Stats

HintAnswer% Correct
FTP21
100%
Telnet23
100%
SMTP25
100%
HTTP80
100%
POP3110
83%
SSH22
83%
SFTP22
83%
HTTPS443
83%
DNS53
83%
Kerberos88
83%
NTP123
67%
IMAP143
67%
TFTP69
67%
NNTP119
50%
RPC135
50%
NetBIOS137
50%
SMB445
50%
SNMP161
33%
RDP3389
33%
LDAP389
33%
SMTPS587
17%
FTPS990
17%
Microsoft SQL1433
0%
RADIUS1645
0%
Syslog514
0%
LDAPS636
0%
Syslog TLS6514
0%
IMAPS993
0%
POP3S995
0%

Score Distribution

Percentile by Number Answered

Percent of People with Each Score

Your Score History

You have not taken this quiz